00552nam a22001577a 4500020001500000040000900015082001500024100002500039110002400064245008600088260003800174650004800212942001200260999001900272952010300291 a0335206204 cNUST a658.3bSIS aKeith Sisson9125294 aJohn Storey9125295 aThe Realities of Human Resource Management bManaging the Employment Relationship aUSA:bLibrary of Congress,c2000. 2The Realities of Human Resource Management  2ddccBK c611057d611057 00102ddc4070aCEMEbCEMEcGENd2024-08-22l0o658.3 SISpCEME-36520r2024-08-22w2024-08-22yBK